=LDR 00000nam 2200000 4500 =001 INLIS000000000009756 =005 20130612101534 =008 ***********************************Ind** =035 ##$$a0010-061300000009756 =041 ##$$a Ind =082 ##$$a 632.95 =090 ##$$a 632.95, Wud p =100 ##$$a Wudianto, Rini =245 ##$$a Petunjuk Penggunaan Petisida, Rini Wadianto =260 ##$$a 2001 $b Jakarta =300 ##$$a xii, 220 hlmbilus, 21 cm =650 ##$$a Pestisida =850 ##$$a NBPNMAT =990 ##$$a 90846/BPAP-NTB/2014